UBT Library

Standard industrial classification manual / (Record no. 44577)

000 -LEADER
fixed length control field 00642cam a22002171a 4500
001 - CONTROL NUMBER
control field 9815455
005 - DATE AND TIME OF LATEST TRANSACTION
control field 20180309072613.0
008 - FIXED-LENGTH DATA ELEMENTS--GENERAL INFORMATION
fixed length control field 731113s1957 dcu f f001 0 eng
010 ## - LIBRARY OF CONGRESS CONTROL NUMBER
LC control number 57060793
035 ## - SYSTEM CONTROL NUMBER
System control number (OCoLC)740139
040 ## - CATALOGING SOURCE
Original cataloging agency DLC
Transcribing agency OYU
Modifying agency OCoLC
-- MoSU-L
-- DLC
041 ## - LANGUAGE CODE
Language code of text/sound track or separate title eng
043 ## - GEOGRAPHIC AREA CODE
Geographic area code n-us---
080 ## - UNIVERSAL DECIMAL CLASSIFICATION NUMBER
Universal Decimal Classification number 338.0012 BRU
082 00 - DEWEY DECIMAL CLASSIFICATION NUMBER
Classification number 338.0012 BRU
100 ## - Rafti
Rafti 54
101 ## - Shkurtesa
Shkurtesa MEN
245 00 - TITLE STATEMENT
Title Standard industrial classification manual /
Statement of responsibility, etc prepared by the Technical Committee on Industrial Classification Office of Statistical Standards.
906 ## - LOCAL DATA ELEMENT F, LDF (RLIN)
a 7
b cbc
c oclcrpl
d u
e ncip
f 19
g y-gencatlg
942 ## - ADDED ENTRY ELEMENTS (KOHA)
Source of classification or shelving scheme
Item type Books
Holdings
Withdrawn status Lost status Source of classification or shelving scheme Damaged status Not for loan Collection code Permanent location Current location Shelving location Date acquired Total Checkouts Full call number Barcode Date last seen Price effective from Koha item type
          Koleksioni i përgjithshem UBT - Lipjan UBT - Lipjan Koleksioni i përgjithshem 03/09/2018   338.0012 BRU 002-3000905 03/09/2018 03/09/2018 Books
UBT Library © 2015-2024. All rights reserved University Education for Business and Technology